| 000 | 00577nam a22001937a 4500 | ||
|---|---|---|---|
| 999 |
_c2765 _d2765 |
||
| 003 | URS | ||
| 005 | 20220117094549.0 | ||
| 008 | 190723s1982 a|||| |||| 00| 0 eng d | ||
| 020 | _a9710829548 | ||
| 040 |
_cURS _beng _drda |
||
| 050 | 1 | 4 |
_aBF 713 _b.H9659 1982 |
| 100 | _aHurlock, Elizabeth B. | ||
| 245 | 1 | 0 |
_aDevelopmental psychology: a life-span approach _ba life-span approach _cElizabety Hurlock |
| 250 | _aFifth edition | ||
| 260 |
_bMcGraw Hill Company; _c[1982] |
||
| 300 |
_axvi, 477 pages; _bwith Illustrations; _c25 cm. |
||
| 504 | _aIncludes index | ||
| 942 |
_2lcc _cFR |
||